Public relations writing form & style

Сохранить в:
Библиографические подробности
Главный автор: Newsom, Doug
Другие авторы: Haynes, Jim
Формат:
Язык:English
Опубликовано: Belmont, CA Thomson Wadsworth 2005
Предметы:
Метки: Добавить метку
Нет меток, Требуется 1-ая метка записи!
Thư viện lưu trữ: Trung tâm Học liệu Lê Vũ Hùng, Trường Đại học Đồng Tháp
LEADER 00772pam a22002418a 4500
001 00023620
005 20171026081025.0
008 110627s2005 ||||||engsd
020 # # |a 0534612962 
041 0 # |a eng 
082 1 4 |b P500B  |a 659.2 
100 1 # |a Newsom, Doug 
245 1 0 |a Public relations writing  |b form & style  |c Doug Newsom, Jim Haynes 
260 # # |a Belmont, CA  |b Thomson Wadsworth  |c 2005 
300 # # |a 441 p.  |b tranh ảnh  |c 24 cm. 
650 # 4 |a Quan hệ công chúng 
650 # 4 |a Văn phong thương mại 
653 # # |a Nghề viết văn 
700 1 # |a Haynes, Jim 
852 # # |b Kho đọc  |j KD.0008091 
852 # # |j KD.0008091 
910 0 # |a Ntuyet  |d 27/06/2011 
980 # # |a Trung tâm Học liệu Lê Vũ Hùng, Trường Đại học Đồng Tháp